000 00389nam a2200145Ia 4500
008 220217s9999||||xx |||||||||||||| ||und||
020 _a978-81-317-2759-1
082 _a004.6 SUB
100 _aSubramanian, Mani
245 0 _aNetwork management
250 _a2nd
260 _aPearson education asia
_bNew Dehli
_c2010
300 _aXXVI, 695p
_b535
650 _aCOMPUTER NETWORK
999 _c179807
_d179807